Регионална библиотека "Любен Каравелов" - Русе

Увод в топологията (Запис номер 188519)

MARC детайли
000 -Лидер
Контролно поле с фиксирана дължина 01256nam a2200301 c 4500
003 - Код на организацията, давaща контролен номер
Контролно поле BLK
005 - Дата и час на последна редакция
Контролно поле 20220719144458.0
008 - Елементи от данни с фиксирана дължина
fixed length control field 180411b bul|||||r ||||||| ||bul||
010 ## - Наследен системен номер
LC control number KNG00197537000
040 ## - Източник на каталожния запис
Идентификатор на билиотеката - собственик на записа BLK
041 ## - Код за език
Код за езика на текст/звукозапис или на отделно заглавие Български
Код за езика КДБФ Български
080 ## - УДК
Текстов определител УДК Топология - Обща алгебрична топология, топологични пространства, аналитични пространства и др.
УДК код - определител по УДК 515.1
УДК - код + определител 515.1
100 1# - Редна дума - Автор
Автор Хаджииванов, Николай Георгиев
Авторска отговорност първи автор
R(LIN) 372007
139 ## - Редно поле
Редна дума Хаджииванов, Николай Георгиев
Авторски знак Хаджи - Х 15
245 10 - Сведения за заглавието
Заглавие Увод в топологията
Подзаглавни данни Научно-попул. очерк
Редно поле (дума) Николай Георгиев Хаджииванов.
257 ## - Страна на издаване
Страна на създаване/издаване България
260 ## - Област на издателските данни
Име на издателя, разпространителя и проч. Наука и изкуство
Година на издаване 1972
300 ## - Физическа характеристика
Страници 272 с.
Илюстрации и др. с черт.
Размери/Мащаб 21 см
380 ## - Жанр
Жанр Естествени науки. Математика
490 ## - СЕРИИ (Колекции)
Име на серия Поредица Съвременна математика
№: серия 3
9 (RLIN) 205637
500 ## - Общи забележки
Забележка 2 085 тир.
653 ## - Ключова дума – ненормативна
Ключова дума топология
852 ## - Местоположение
Форматна сигнатура Цб 66144
856 4# - Електронен адрес и достъп
Електронен формат pdf - файл
856 4# - Електронен адрес и достъп
Електронен формат pdf - файл
999 ## - СИСТЕМНИ КОНТРОЛНИ НОМЕРА
Koha biblionumber 188519
Koha biblioitemnumber 188519
942 ## - АРТИКУЛИ
Вид на библиотечния материал Книги
Скрит в OPAC Не
Периодичен библиозапис Да
944 ## - СЪЗДАВАНЕ И РЕДАКЦИЯ на ЗАПИСА
Създаване/Редакция Създаване
Дата на регистрацията/редакция 06.12.2016
Служител, извършил регистрацията/редакцията Наталия_Любомирова
944 ## - СЪЗДАВАНЕ И РЕДАКЦИЯ на ЗАПИСА
Създаване/Редакция Редакция
Дата на регистрацията/редакция 06.12.2016
Служител, извършил регистрацията/редакцията Наталия_Любомирова
999 ## - СИСТЕМНИ КОНТРОЛНИ НОМЕРА
Koha biblioitemnumber 188519
Наличности
Код за отписване Код за изгубен артикул Източник на класификационната схема Код за повреда Коз за рестрикции Код за отдаване Артикулен № Име на библиотеката - собственик Име на библиотеката, в която се намира в момента Статус (Текущо местоположение) Дата на вписване в системата Местоположение - отдел Цена в лева Инвентарен номер Систематично азбучна сигнатура Баркод Номер на екземпляра Цена в евро Служебна бележка Служебен тип на артикула
  Не е изгубен Universal Decimal Classification Не е повреден без рестрикции ползва се в читалня 330926 Регионална библиотека "Любен Каравелов" Русе Регионална библиотека "Любен Каравелов" Русе Хранилище 1972-01-01 Хранилище 1.36 133005 Цб 66144 120000133005 1 0.70 N: стар фонд Дата: 01.01.1972 Книги
Изтеглен Не е изгубен Universal Decimal Classification Не е повреден без рестрикции заемане за дома 330927 Регионална библиотека "Любен Каравелов" Русе Регионална библиотека "Любен Каравелов" Русе Заемна - подръчен фонд 1972-01-01 Заемна - подръчен фонд 0.80 623669 П 51/Х 15 623669 2 0.41 N: стар фонд Дата: 01.01.1972 Дата инв: 08.02.2018 Бележки инв: П2018 Книги
Vip Innovations Ltd, Rousse, Bulgaria 2025